• 首页
  • 本馆介绍
  • 公告通知
  • 最新文献
  • 馆藏检索
  • 电子资源
  • 读者导购
  • 参考咨询
  • 我的图书馆
  • 登录
  • 详细信息显示
  • 放入我的书架
  • 预约/预借图书
  • 作者相关作品
  • 分类相关作品
  • 丛书相关作品
  • 出版社相关作品

书目信息

  • 表格格式
  • 工作单格式
  • 卡片格式
题名:
我国行政权力监督体系的完善和发展研究
    
 
作者: 蔡林慧 著
分册:  
出版信息: 上海   上海三联书店  2014
页数: 302页
开本: 23cm
丛书名:
单 册:
中图分类: D630.9
科图分类:
主题词: 行政管理--Hang Zheng Guan Li--监督--研究--中国
电子资源:
ISBN: 978-7-5426-4774-0
000 01153nam0 22002411 450
001 349863
005 20161008162831.31
010    @a978-7-5426-4774-0@dCNY45.00
100    @a20140808d2014 em y0chiy50 ea
101 0  @achi
102    @aCN@b310000
105    @ay z 000yy
106    @ar
200 1  @a我国行政权力监督体系的完善和发展研究@AWo Guo Hang Zheng Quan Li Jian Du Ti Xi De Wan Shan He Fa Zhan Yan Jiu@f蔡林慧著
210    @a上海@c上海三联书店@d2014
215    @a302页@d23cm
300    @a江苏省高校优势学科建设工程项目资助 南京师范大学211工程四期重点建设项目资助 江苏高校哲学社会科学重点研究基地经费资助 国家社会科学基金项目《我国行政权力监督体系的完善和发展研究》最终成果
330    @a本书运用马克思主义政治学理论和结构与功能分析方法,研究我国行政权力的监督体系,既从历史角度、法律文本角度研究行政监督的理论制度和体制,又从动态角度分析行政权力监督的实际过程和运行机制,体现了研究体系的完整性和学术方面的理论价值与实践意义。
606 0  @a行政管理@AHang Zheng Guan Li@x监督@x研究@y中国
690    @aD630.9@v5
701  0 @a蔡林慧@ACai Lin Hui@c(女,@f1955.7~)@4著
801  0 @aCN@bTANGWEI@20160802
905    @b0887140-4@dD630.9@e241@f5
    
    我国行政权力监督体系的完善和发展研究/蔡林慧著 .-上海:上海三联书店,2014
    302页;23cm
    江苏省高校优势学科建设工程项目资助 南京师范大学211工程四期重点建设项目资助 江苏高校哲学社会科学重点研究基地经费资助 国家社会科学基金项目《我国行政权力监督体系的完善和发展研究》最终成果
    
    ISBN 978-7-5426-4774-0:CNY45.00
    本书运用马克思主义政治学理论和结构与功能分析方法,研究我国行政权力的监督体系,既从历史角度、法律文本角度研究行政监督的理论制度和体制,又从动态角度分析行政权力监督的实际过程和运行机制,体现了研究体系的完整性和学术方面的理论价值与实践意义。
●
相关链接 在E读中查询图书 在五车中查询图书 在当当中查询图书 在豆瓣中查询图书


正题名:我国行政权力监督体系的完善和发展研究     索取号:D630.9/241         预约/预借

序号 登录号 条形码 馆藏地/架位号 状态 备注
1 0887140   208871407   第一样本阅览室/ [索取号:D630.9/241] 在馆    
2 0887141   208871416   第一借阅区/ [索取号:D630.9/241] 在馆    
3 0887142   208871425   第一借阅区/ [索取号:D630.9/241] 在馆    
4 0887143   208871434   第一借阅区/ [索取号:D630.9/241] 在馆    
5 0887144   208871443   密集书库-史法系/ [索取号:D630.9/241] 在馆    
唐山师范学院图书馆 欢迎您!
大连网信软件有限公司© 版权所有